000 00743nam a2200217Ia 4500
001 10135
003 GE_BSU
008 181216s||||||||xx |||||||||||||| ||und||
020 _a9789941216039
040 _cGE_BSU
245 _aახალმოწამენი.წ.1
245 _cპროექტის რედ. თამარ მამაცაშვილი.შემდგ. კახაბერ კენკიშვილი
260 _aთბილისი
260 _bპალიტრა L
260 _c2014
300 _a221გვ.ილ.20სმ.
541 _h3ლ.
653 _aახალმოწამენი
653 _aქართველი სამღვდელოება
942 _cBK
999 _c43407
_d43407